CREATIVE AUSTRIANS : (Record no. 8766)

MARC details
000 -LEADER
fixed length control field 00359nam a22001217a 4500
008 - FIXED-LENGTH DATA ELEMENTS--GENERAL INFORMATION
fixed length control field 210621b ||||| |||| 00| 0 eng d
020 ## - INTERNATIONAL STANDARD BOOK NUMBER
International Standard Book Number 9783950427141
082 ## - DEWEY DECIMAL CLASSIFICATION NUMBER
Classification number 306 CRE
245 ## - TITLE STATEMENT
Title CREATIVE AUSTRIANS :
Remainder of title Innovators for the society of the future
260 ## - PUBLICATION, DISTRIBUTION, ETC.
Place of publication, distribution, etc. Austria :
Name of publisher, distributor, etc. Europe Integration Foreign Affairs,
Date of publication, distribution, etc. N A.
300 ## - PHYSICAL DESCRIPTION
Extent 268 P.
Dimensions 21 cm.
942 ## - Added entry Elements (Koha)
Source of classification or shelving scheme Dewey Decimal Classification
Holdings
Withdrawn status Lost status Source of classification or shelving scheme Damaged status Not for loan Collection code Home library Current library Shelving location Date acquired Serial Enumeration / chronology Total Checkouts Full call number Barcode Date last seen Price effective from Koha item type
    Dewey Decimal Classification     Main TEST RTC Library RTC Library Main opac 21/06/2021 16015   306 CRE 30014986 12/01/2022 21/06/2021 Main
Royal Thimphu College || All Right Reserved